000 009960000a22002530004500
003 EG-GICUC
005 20250223030032.0
008 090823s1979 ua f m 000 0 ara d
040 _aEG-GiCUC
_bara
_cEG-GiCUC
041 0 _aara
049 _aايداع
097 _aماجستير
099 _aCai01.05.03.M.Sc.1979.مد.د
100 0 _aمديحة حامد عفيفى خميس
245 1 0 _aدراسة تحليلية لتأمين المسئولية المدنية للمنتجات /
_cمديحة حامد عفيفى خميس ؛ اشراف عادل عز
260 _aالقاهرة :
_bمديحة حامد عفيفى خميس :
_c1979
300 _a80ورقة ؛
_c30سم
502 _aاطروحة(ماجستير) - جامعة القاهرة - كلية التجارة - قسم الرياضة والتأمين
700 0 _aعادل عز :
_eمشرف
856 _uhttp://172.23.153.220/th.pdf
905 _aEnas
_eCataloger
905 _aMustafa
_eRevisor
942 _2ddc
_cTH
999 _c26021
_d26021